The philosophy and practice of wildlife management / (Record no. 32163)
[ view plain ]
| 000 -LEADER | |
|---|---|
| fixed length control field | 00843cam a2200265 a 4500 |
| 001 - CONTROL NUMBER | |
| control field | 3333317 |
| 003 - CONTROL NUMBER IDENTIFIER | |
| control field | OSt |
| 005 - DATE AND TIME OF LATEST TRANSACTION | |
| control field | 20220307103618.0 |
| 008 - FIXED-LENGTH DATA ELEMENTS--GENERAL INFORMATION | |
| fixed length control field | 851121s1987 flua b 001 0 eng |
| 010 ## - LIBRARY OF CONGRESS CONTROL NUMBER | |
| LC control number | 85023956 |
| 020 ## - INTERNATIONAL STANDARD BOOK NUMBER | |
| International Standard Book Number | 0898749115 |
| 040 ## - CATALOGING SOURCE | |
| Original cataloging agency | DLC |
| Transcribing agency | HU |
| Modifying agency | DLC |
| 050 00 - LIBRARY OF CONGRESS CALL NUMBER | |
| Classification number | SK355 |
| Item number | .G45 1987 |
| 082 00 - DEWEY DECIMAL CLASSIFICATION NUMBER | |
| Classification number | 639.9 |
| Edition number | 19 |
| 100 1# - MAIN ENTRY--PERSONAL NAME | |
| Personal name | Gilbert, Frederick F., |
| Dates associated with a name | 1941- |
| 9 (RLIN) | 32122 |
| 245 14 - TITLE STATEMENT | |
| Title | The philosophy and practice of wildlife management / |
| Statement of responsibility, etc. | by Frederick F. Gilbert and Donald G. Dodds. |
| 250 ## - EDITION STATEMENT | |
| Edition statement | Original ed. |
| 260 ## - PUBLICATION, DISTRIBUTION, ETC. | |
| Place of publication, distribution, etc. | Malabar, Fla. : |
| Name of publisher, distributor, etc. | R.E. Krieger Pub. Co., |
| Date of publication, distribution, etc. | 1987. |
| 300 ## - PHYSICAL DESCRIPTION | |
| Extent | xi, 279 p. : |
| Other physical details | ill. ; |
| Dimensions | 24 cm. |
| 504 ## - BIBLIOGRAPHY, ETC. NOTE | |
| Bibliography, etc. note | Includes bibliographies and index. |
| 650 #0 - SUBJECT ADDED ENTRY--TOPICAL TERM | |
| Topical term or geographic name entry element | Wildlife management. |
| 9 (RLIN) | 5947 |
| 700 1# - ADDED ENTRY--PERSONAL NAME | |
| Personal name | Dodds, Donald G. |
| 9 (RLIN) | 32123 |
| 906 ## - LOCAL DATA ELEMENT F, LDF (RLIN) | |
| a | 7 |
| b | cbc |
| c | orignew |
| d | 1 |
| e | ocip |
| f | 19 |
| g | y-gencatlg |
| 942 ## - ADDED ENTRY ELEMENTS (KOHA) | |
| Source of classification or shelving scheme | Dewey Decimal Classification |
| Koha item type | Books like text book referance book |
| Suppress in OPAC | No |
| Withdrawn status | Lost status | Source of classification or shelving scheme | Damaged status | Not for loan | Collection code | Home library | Current library | Shelving location | Date acquired | Total Checkouts | Full call number | Barcode | Date last seen | Copy number | Price effective from | Koha item type |
|---|---|---|---|---|---|---|---|---|---|---|---|---|---|---|---|---|
| Dewey Decimal Classification | Reference | Wondo Genet Library | Wondo Genet Library | General Stacks | 03/07/2022 | 635.9 GIL 1987 | WGCFNRL00012264 | 03/07/2022 | 1 | 03/07/2022 | Books like text book referance book | |||||
| Dewey Decimal Classification | Reference | Wondo Genet Library | Wondo Genet Library | General Stacks | 04/16/2022 | 635.9 GIL 1987 | WGCFNRL00015996 | 04/16/2022 | 2 | 04/16/2022 | Books like text book referance book |